Primera parte del Ingenioso Hidalgo Don Quixote de la Mancha (Record no. 2136)

MARC details
000 -CABECERA
campo de control de longitud fija 01692nam a2200277 a 4500
001 - NÚMERO DE CONTROL
campo de control BRCA_2395
005 - FECHA Y HORA DE LA ÚLTIMA TRANSACCIÓN
campo de control 20190320203804.0
008 - DATOS DE LONGITUD FIJA--INFORMACIÓN GENERAL
campo de control de longitud fija 111108s1617----be-#---###---#000-0#spa-u
041 ## - CÓDIGO DE LENGUA
Código de lengua del texto/banda sonora o título independiente spa
044 ## - CÓDIGO DEL PAÍS DE LA ENTIDAD EDITORA/PRODUCTORA
Código MARC del país be
084 ## - OTRO NÚMERO DE CLASIFICACIÓN
Número de clasificación 036
Número de documento/Ítem .H87
-- 1617
100 1# - ENTRADA PRINCIPAL--NOMBRE DE PERSONA
Nombre de persona Cervantes Saavedra, Miguel de
Fechas asociadas al nombre 1547-1616
9 (RLIN) 213
245 10 - MENCIÓN DE TÍTULO
Título Primera parte del Ingenioso Hidalgo Don Quixote de la Mancha
Resto del título dirigido al Duque de Béjar Marqués de Gibraleón, Conde de Benalcazar y Bañares, Vizconde de la Puebla de Alcocer, Señor de las villas de Capilla, Curiel y Burguillos
Mención de responsabilidad, etc. compuesto por Miguel de Cervantes Saavedra.
260 ## - PUBLICACIÓN, DISTRIBUCIÓN, ETC.
Lugar de publicación, distribución, etc. Bruselas
Nombre del editor, distribuidor, etc. Humberto Antonio
Fecha de publicación, distribución, etc. 1617
300 ## - DESCRIPCIÓN FÍSICA
Extensión 1 v. (en varias paginaciones)
Dimensiones 18 cm.
500 ## - NOTA GENERAL
Nota general Contenido : Dedicatoria del autor al Duque de Béjar. Prólogo del autor. Versos preliminares con exepción del soneto de Solisdán. Texto. Privilegio de los Príncipes Alberto e Isabel Clara Eugenia
500 ## - NOTA GENERAL
Nota general Reimpresión exacta de la primera parte de la edición bruselense, publicada en 1611 que, a su vez, es la copia exacta (con algunas erratas) de la edición del año de 1607, del mismo editor. Lindo ejemplar, encuadernado en fina piel roja, corte y filetes dorados. En la portada tiene borradas las siguientes palabras del título: La primera parte Lúdovik Osterc
500 ## - NOTA GENERAL
Nota general Con ex-libris de : C. H. S. John Hornby
650 14 - PUNTO DE ACCESO ADICIONAL DE MATERIA--TÉRMINO DE MATERIA
Término de materia o nombre geográfico como elemento de entrada Novela española
Subdivisión cronológica Época clásica, 1500-1700
9 (RLIN) 215
650 14 - PUNTO DE ACCESO ADICIONAL DE MATERIA--TÉRMINO DE MATERIA
Término de materia o nombre geográfico como elemento de entrada Literatura española
Subdivisión cronológica Época clásica, 1500-1700
9 (RLIN) 216
650 14 - PUNTO DE ACCESO ADICIONAL DE MATERIA--TÉRMINO DE MATERIA
Término de materia o nombre geográfico como elemento de entrada Novela española
Subdivisión cronológica Siglo XVII
9 (RLIN) 217
650 14 - PUNTO DE ACCESO ADICIONAL DE MATERIA--TÉRMINO DE MATERIA
Término de materia o nombre geográfico como elemento de entrada Don Quijote (Personaje ficticio)
Término indicativo de función/relación Novela
9 (RLIN) 218
740 0# - PUNTO DE ACCESO ADICIONAL--TÍTULO RELACIONADO O ANALÍTICO NO CONTROLADO
Título relacionado o analítico no controlado El Ingenioso Hidalgo Don Quijote de la Mancha
902 ## - CATALOGADOR
Iniciales QFM
942 ## - ELEMENTOS DE PUNTO DE ACCESO ADICIONAL (KOHA)
Fuente del sistema de clasificación o colocación Library of Congress Classification
Tipo de ítem Koha Libros
Holdings
Estado de retiro Estado de pérdida Estado dañado No para préstamo Localización permanente Ubicación/localización actual Fecha de adquisición Total de préstamos Signatura topográfica completa Código de barras Fecha visto por última vez Precio válido a partir de Tipo de ítem Koha
El ejemplar forma parte de la colección y puede ser consultado según las políticas vigentes.       Biblioteca del Museo Franz Mayer (Rogerio Casas-Alatriste) Biblioteca del Museo Franz Mayer (Rogerio Casas-Alatriste) 11/11/2008   036 .H87 1617 QFM 22/03/2019 22/03/2019 Libros